• 首页
  • 本馆介绍
  • 公告通知
  • 最新文献
  • 馆藏检索
  • 电子资源
  • 读者导购
  • 参考咨询
  • 我的图书馆
  • 登录
  • 详细信息显示
  • 放入我的书架
  • 预约/预借图书
  • 作者相关作品
  • 分类相关作品
  • 丛书相关作品
  • 出版社相关作品

书目信息

  • 表格格式
  • 工作单格式
  • 卡片格式
题名:
近代河北烟毒与治理研究
    
 
作者: 肖红松 著
分册:  
出版信息: 北京   人民出版社  2008.12
页数: 492页
开本: 21cm
丛书名: 河北大学历史学丛书
单 册:
中图分类: D691.98
科图分类:
主题词: 禁毒--研究--河北省--近代 , 禁毒
电子资源:
ISBN: 978-7-01-007495-5
000 00899oam2 2200277 450
001 012009023090
005 20120618152304.62
010    @a978-7-01-007495-5@dCNY33.00
100    @a20090410d2008 em y0chiy0110 ea
101 0  @achi
102    @aCN@b110000
105    @ak z 000yy
106    @ar
200 1  @a近代河北烟毒与治理研究@9jin dai he bei yan du yu zhi li yan jiu@f肖红松著
210    @a北京@c人民出版社@d2008.12
215    @a492页@d21cm
225 2  @a河北大学历史学丛书
300    @a本书出版获河北大学历史学强势特色学科经费资助
330    @a本书以近代河北的烟毒与治理问题为研究对象,系统阐述了近代河北烟毒泛滥实态和历届政府的查禁烟毒活动。
461  0 @12001 @a河北大学历史学丛书
606 0  @a禁毒@x研究@y河北省@z近代
606 0  @a禁毒
690    @aD691.98@v4
701  0 @a肖红松@9xiao hong song@4著
801  0 @aCN@bRENTIAN@c20090410
905    @b540537-41@dD691.98@e181@f5
    
    近代河北烟毒与治理研究/肖红松著.-北京:人民出版社,2008.12
    492页;21cm.-(河北大学历史学丛书)
    本书出版获河北大学历史学强势特色学科经费资助
    
    ISBN 978-7-01-007495-5:CNY33.00
    本书以近代河北的烟毒与治理问题为研究对象,系统阐述了近代河北烟毒泛滥实态和历届政府的查禁烟毒活动。
●
相关链接 在E读中查询图书 在五车中查询图书 在当当中查询图书 在豆瓣中查询图书


正题名:近代河北烟毒与治理研究     索取号:D691.98/181         预约/预借

序号 登录号 条形码 馆藏地/架位号 状态 备注
1 540537   205405373   第一样本阅览室/ [索取号:D691.98/181] 在馆    
2 540538   205405382   第一借阅区/ [索取号:D691.98/181] 在馆    
3 540539   205405391   第一借阅区/ [索取号:D691.98/181] 在馆    
4 540540   205405408   第一借阅区/ [索取号:D691.98/181] 在馆    
5 540541   205405417   第一借阅区/ [索取号:D691.98/181] 在馆    
唐山师范学院图书馆 欢迎您!
大连网信软件有限公司© 版权所有